| 000 | 00596nam a2200241Ia 4500 | ||
|---|---|---|---|
| 008 | 160803s9999 xx 000 0 und d | ||
| 020 | _a9780590632669 | ||
| 100 | _aBerger, Melvin | ||
| 245 | _aGrowl! : | ||
| 245 | _ba book about bears / | ||
| 245 | _cby Melvin Berger. | ||
| 260 | _aNew York : | ||
| 260 | _bScholastic Inc. | ||
| 260 | _c2005 | ||
| 300 | _a1 volume (unpaged) : | ||
| 300 | _bcolor illustrations ; | ||
| 300 | _c23 cm. | ||
| 440 | _aHello science reader!, | ||
| 440 | _vLevel 3. | ||
| 650 | _aBears -- | ||
| 650 | _xJuvenile literature. | ||
| 700 | _a390 | ||
| 999 |
_c298923 _d298923 |
||